| 000 | 01010nam a22002297a 4500 | ||
|---|---|---|---|
| 005 | 20260112125915.0 | ||
| 010 | _aHIN-130011 | ||
| 020 |
_a9789354427428 _c700.00 |
||
| 035 | _aHN-102357 | ||
| 037 | _bDBAD | ||
| 082 | _a954.51 | ||
| 100 |
_aदेवी , गणेश _986299 |
||
| 245 |
_aअसम की भाषाएँ / _cगणेश देवी, बिभा भराली एवं बनानी चक्रवर्ती |
||
| 260 |
_aहैदराबाद _bओरिएंट ब्लैकस्वान प्राइवेट लि. _c2025 |
||
| 270 |
_a3-6-752 हिमायत नगर, हैदराबाद _bहैदराबाद |
||
| 300 |
_a592पृ. _c24 सेमी (सजिल्द) |
||
| 490 | _v954.51 | ||
| 700 |
_aदेवी, गणेश _983343 |
||
| 700 |
_aभराली,बिभा _983344 |
||
| 700 |
_aचक्रवर्ती, बनानी _983345 |
||
| 942 |
_2ddc _cHN _h954.51 _mगणेश |
||
| 999 |
_c212614 _d212614 |
||